| 000 -LEADER |
| fixed length control field |
00559nam a22001697a 4500 |
| 008 - FIXED-LENGTH DATA ELEMENTS--GENERAL INFORMATION |
| fixed length control field |
131205b xxu||||| |||| 00| 0 eng d |
| 020 ## - INTERNATIONAL STANDARD BOOK NUMBER |
| International Standard Book Number |
9989113440 |
| 041 0# - LANGUAGE CODE |
| Language code of text/sound track or separate title |
eng |
| 080 ## - UNIVERSAL DECIMAL CLASSIFICATION NUMBER |
| Universal Decimal Classification number |
341.17 |
| -- |
316.658 |
| Common auxiliary subdivision |
(063) |
| 245 10 - TITLE STATEMENT |
| Title |
Proceedings : |
| Statement of responsibility, etc |
Editor in Chief: Biljana Sekulovska-Gaber. |
| 260 ## - |
| -- |
Shkup : |
| -- |
Faculty of Economics, |
| -- |
2006. |
| 300 ## - |
| -- |
368 f. : |
| -- |
me il. ; |
| -- |
24 cm. |
| 650 #0 - |
| -- |
Edukimi |
| 650 #0 - |
| -- |
Evropë |
| 700 ## - |
| -- |
Tempus ; |
| 942 ## - ADDED ENTRY ELEMENTS (KOHA) |
| Source of classification or shelving scheme |
|
| Item type |
Books |